000 00474nam a2200169Ia 4500
008 090711s9999 xx 000 0 und d
082 _b335
100 _aकाकडे द. स.
245 _aरानवारा
260 _bसत्यजय प्रकाशन
_c1997
300 _a175
600 _aकाकडे द. स.
630 _aरानवारा
700 _aकाकडे द. स.
730 _aरानवारा
942 _cBOOK
999 _c323794
_d323794